000 00272nam a2200109Ia 4500
008 201216s9999 xx 000 0 und d
100 _aBrown, Richard Maxwell (ed.)
245 0 _aAmerican Violence
260 _aEnglewood Cliffs
_bPrentice Hall
300 _a176
942 _cBK
999 _c6585
_d6585